| 000 | 00609nam a2200229 a 4500 | ||
|---|---|---|---|
| 999 |
_c1853 _d1853 |
||
| 007 | ta | ||
| 008 | 200121t2008 xxu||||g |||| 00| 0 eng d | ||
| 020 |
_a9781422147900 _cRs. 1250.00 |
||
| 040 |
_aKO _beng |
||
| 041 | 0 | _aeng | |
| 044 | _axxu | ||
| 082 | 0 | 4 |
_223 _a658.456 _bJ33 |
| 100 | 1 | _aJay, Antony | |
| 245 | 1 | 0 |
_aHow To Run A Meeting / _c Antony Jay |
| 260 |
_aBoston : _bHarvard Business Press , _c2008 |
||
| 300 |
_av , 81 p. : _c18 cm . |
||
| 440 | _aHarvard Business Review Classics ; | ||
| 650 | 0 |
_aCustomer relations _vHandbooks, manuals, etc |
|
| 904 | _aReshma_R | ||
| 942 | _cBK | ||